| 000 | 01114nam a22003377a 4500 | ||
|---|---|---|---|
| 001 | BR0203772 | ||
| 003 | BR-BrBNA | ||
| 005 | 20230928101125.0 | ||
| 007 | ta | ||
| 008 | 230509b bl.||||| |||| 00| 0 por d | ||
| 040 |
_aBR-BrBNA _bpor _cBiblioteca Nacional de Agricultura |
||
| 041 | _a(Por) | ||
| 072 |
_aF04; F06; F08 _b0810 _b3810 |
||
| 090 | _ 0810 BR0203772 | ||
| 100 | 1 | _aSoares, A.J. | |
| 110 | 1 |
_aEscola Superior de Agricultura Luiz de Queiroz, Piracicaba, SP (Brasil) _0Tese (Mestre em Agronomia) |
|
| 245 | 1 | _aEfeitos de três lâminas de irrigação e de quatro doses de potássio via fertirrigação no meloeiro em ambiente protegido | |
| 260 | 3 |
_aPiracicaba, SP (Brasil): _c2001. |
|
| 300 | _a67 p. | ||
| 500 | _aSummaries (Eng, Por); Bibliography p. 57-65; 20 tables; 15 illus. | ||
| 650 | _aMELÃO | ||
| 650 | _aPOTÁSSIO | ||
| 650 | _aFERTIRRIGAÇÃO | ||
| 650 | _aCULTIVO PROTEGIDO | ||
| 650 | _aIRRIGAÇÃO POR GOTEJAMENTO | ||
| 650 | _aRENDIMENTO | ||
| 650 | _aMÉTODO ESTATÍSTICO | ||
| 650 | _aCOMERCIALIZAÇÃO | ||
| 909 |
_a202309 _bLucia _c55 _dLucia Elande |
||
| 942 | _cBK | ||
| 999 |
_c64365 _d64365 |
||